000 00288nam a22001337a 4500
008 170623b xxu||||| |||| 00| 0 eng d
020 _a9781568026299
041 _aeng
080 _a324
100 _a21
101 _aSHP
245 _aRUSSIA AT THE POLLS
_cMARSH,CH
942 _2udc
_cBK
999 _c19076
_d19076